000
00211nam a2200097Ia 4500
008
190216s9999||||xx |||||||||||||| ||und||
100
_a
Null
245
0
_a
Hindi-Ek Aankh Ek Nazar
260
_b
Shilpi
942
_c
BK
999
_c
17346
_d
17346